00880naa a22002177a 4500001001000000003000900010005001700019007000300036008003400039040005400073041000900127072000800136100001400144111007700158245003900235260004000274500012400314650001500438650002100453773018800474BR9504961BR-BrBNA20240918181328.0ta230509b bl.||||| |||| 00| 0 por d aBR-BrBNAbporcBiblioteca Nacional de Agricultura a(Pt) aE501 aWiese, H.1 a9. Congresso Brasileiro de ApiculturacCandelaria, RS (Brazil)dNov 19921 aEvolucao do associativismo apicola3 aPorto Alegre, RS (Brasil): c1994.  aSattler, A. Anais do 9. Congresso Brasileiro de Apicultura Porto Alegre, RS (Brasil): 1994. p. 84-87 (BR9504961-AM)E50  aApicultura aAssociacao Rural0 tAnais do 9. Congresso Brasileiro de ApiculturaaSattler, A.. Universidade Federal do Rio Grande do Sul, Porto Alegre (Brasil)wE50 BR9504961gPorto Alegre, RS (Brasil), 1994. p. 84-87